Ekonomika šliapne na plyn, ovládať ho bude už Smer

Bibliographic Details
Main Author: Mravcová, Jana (Author)
Format: Article
Language:Slovak
PhysicalDescription:Graf
ISSN:1335-4701
Subjects:

MARC

LEADER 00000nab a2200000 a 4500
001 vtls008849927
003 SK-MaSNL
005 20260426071900.0
008 140301c20060630xo dr|p|||||||000 b|slo
015 |a SNBRB2006/09  |2 snkbucl 
038 |a SNKBUCL 
040 |a SNKBUCL  |b slo  |c SNKBUCL  |e AACR2 
041 0 |a slo 
044 |a xo  |c SK 
080 |a 338.1  |x (437.6)  |2 1997 
100 1 |a Mravcová, Jana  |4 aut  |9 586839 
245 1 0 |a Ekonomika šliapne na plyn, ovládať ho bude už Smer  |c Jana Mravcová 
300 |b Graf 
650 0 7 |a ekonomika  |2 snkbucl  |9 789 
651 7 |a Slovensko  |2 snkbucl  |9 14231 
773 0 |t Hospodárske noviny  |g Roč. XIV., č. 125 (30.6.-2.7.2006), s. 4  |x 1335-4701 
852 |a SNK  |b KIS3GCP 
958 |a SK 
999 |c 2683021  |d 2684951